| 000 | 00458cam a22001571 4500 | ||
|---|---|---|---|
| 082 |
_a621.3 _bPUM _cL-9, P-54 |
||
| 100 | 1 |
_aPumphrey, Fred Homer, _941166 |
|
| 245 | 1 | 0 | _aFundamentals of electrical engineering. |
| 250 | _a2d ed. | ||
| 260 |
_aEnglewood Cliffs, N.J. _bPrentice-Hall, _c1959. |
||
| 300 |
_a534 p. _billus. _c24 cm. |
||
| 526 |
_a0 _b0 _c0 _d621_300000000000000_PUM |
||
| 650 | 0 | _aElectrical engineering. | |
| 650 | 0 |
_aMCE _9379 |
|
| 942 |
_2ddc _cBK |
||
| 999 |
_c545346 _d545346 |
||